Devine le personnage disney/pixar #3 - Statistiques

Statistiques générales
  • Ce quiz a été pris 584 fois
  • Le résultat moyen est 7 sur 10
Statistiques - réponses
Hint Indice Réponse % Correct
2 Arc, rousse, déterminé Mérida
91%
1 Océan, Cochon, coq Vaiana
89%
3 Renne, carotte Sven
86%
10 Robot, amoureux Wall E
82%
5 Lapine, policière Judy ( zootopie)
68%
7 Cheval, blanc Maximus
67%
6 Méchante, veut rester jeune Mère Gothel (Raiponce)
63%
9 Vieux, ballon Carl (La haut)
46%
4 Médaille, grand coeur, homme Ralph
38%
8 Rose, fraise, méchant Lotso
20%
Aucun quiz correspondant
Distribution des résultats
% des personnes avec chaque résultat
Percentile par nombre de réponses
Votre historique - résultats
Vous n’avez pas pris ce quiz